STADT - Land - Fluss - Statistiken

Allgemein
  • Dieses Quiz wurde 164 mal gespielt
  • Das Durchschnittsergebnis liegt bei 14 aus 20
Antwortstatistiken
Stadt Land Fluss % Korrekt
Buenos Aires Argentinien Río de la Plata
89%
Hamburg Deutschland Elbe
89%
Prag Tschechien Moldau
88%
Santiago Chile Río Mapocho
85%
Havanna Kuba Río Almendares
84%
Kiew Ukraine Dnepr
82%
Dublin Irland Liffey
81%
Minsk Belarus Swislatsch
80%
Lima Peru Río Rímac
79%
Bratislava Slowakei Donau
78%
Kingston Jamaika Black River
71%
Sankt Petersburg Russland Newa
68%
Caracas Venezuela Rio Guaire
66%
Liverpool Vereinigtes Königreich River Mersey
62%
Shanghai China Huangpu Jiang
57%
Montréal Kanada Sankt Lorenz Strom
56%
New Orleans USA Mississippi
46%
Ho Chi Minh Stadt Vietnam Saigon
44%
Manaus Brasilien Amazonas
32%
Tours Frankreich Loire
15%
Keine übereinstimmenden Quizze gefunden
Verteilung der Resultate
Anzahl Personen mit jedem Resultat
Perzentil nach korrekt beantworteten Fragen
Ihre Resultats-Entwicklung
Sie haben dieses Quiz noch nicht gespielt